000 02354nam a2200409 c 4500
003 BLK
005 20231103005156.0
008 180409b bul|||||r ||||||| ||bul||
010 _aKNG00104916000
020 _a954-585-412-Х
_bиздат.: Бард
040 _aBLK
041 _aBUL
_cBUL
080 _aРазпространяване на научните знания - популяризиране на науката, занимателна наука, учение за явленията научно необяснени, заблуждения и фалшификации, илюзии и др. п., секретност на научните знания
_b001.9
_x
_z001.9
080 _aПаметници на културата на историческите периоди. Археологическите паметници. Старини
_b904
_x
_z904
080 _aСтара и антична история
_b931
_x
_z931
080 _aИстория на цивилизацията. История на културата
_b930.85
_x
_z930.85
100 1 _aФлем-Ат, Ранд
_eпърви автор
_9274074
700 1 _aФлем-Ат, Роуз
_eсъавт.
_9308233
700 1 _aУилсън, Колин
_eвъвед.
_9367200
700 _aБожилов, Венцислав Божидаров
_cТеодосиев, Стефан, 1968- (псевдоним)
_d1968-
_9367877
139 _aФлем-Ат, Ранд и др.
_bФ 61
245 1 0 _aКогато небето падна
_bВ търсене на Атлантида
_cРанд Флем-Ат; съавт. Роуз Флем-Ат; въвед. Колин Уилсън; прев. от англ. Венцислав Божидаров Божилов.
257 _aUSA
260 София
_bБард
_c2003
_fХасково : Полиграфюг
300 _a256 с.
_c20 см
380 _a0
490 1 _aПоредица Загадки и мистерии
500 _aСъдържа и Глобален модел за възникването на земеделието / Ранд Флем-Ан
650 4 _aАтлантида
_9147823
653 _aАтлантида
852 _aЦб 214011
856 4 _qpdf
_u
856 4 _qpdf
_u
942 _cKNG
_n0
_03
944 _aCR
_c01.01.2003
_k
_lCRON CRON
944 _aED
_c12.03.2004
_k
999 _c99900
_d99900